Introducción a la historia de la literatura inglesa / (Record no. 17529)

000 -CABECERA
fixed length control field 01000nam a22002297a 4500
003 - IDENTIFICADOR DEL NÚMERO DE CONTROL
control field AR-CdUCM
008 - DATOS DE LONGITUD FIJA--INFORMACIÓN GENERAL
fixed length control field 190508b ||||| |||| 00| 0 spa d
040 ## - FUENTE DE LA CATALOGACIÓN
Agencia/entidad que catalogó originalmente la obra MUNICIPALIDAD PROVINCIAL DEL CUSCO
Entidad que transcribió la catalogación BIBLIOTECA MUNICIPAL DEL CUSCO
082 ## - NÚMERO DE LA CLASIFICACIÓN DECIMAL DEWEY
No. de la edición 3ed.
No. de Clasificación 820.9 /
Notacion interna T13
100 ## - ENTRADA PRINCIPAL--NOMBRE DE PERSONA
Nombre Personal Taine, Hippolyte Adolphe
245 ## - MENCIÓN DE TÍTULO
Título Introducción a la historia de la literatura inglesa /
260 ## - PUBLICACIÓN, DISTRIBUCIÓN, ETC.
Lugar de publicación, distribución, etc. Buenos Aires :
Nombre de la editorial, distribuidor, etc. Aguilar,
Fecha de publicación, distribución, etc. 1963.
300 ## - DESCRIPCIÓN FÍSICA
Nº de Páginas Extensión 67 páginas ;
Dimensiones 16 cm.
440 ## - MENCIÓN DE SERIE/PUNTO DE ACCESO ADICIONAL--TÍTULO
Título Biblioteca de iniciación filosófica ;
Número de la parte/sección de una obra 23
9 (RLIN) 37579
505 ## - NOTA DE CONTENIDO CON FORMATO
Nota de contenido formateada Contenido: Los documentos históricos no son mas que indicios por medio de los cuales hay que reconstruir al individuo visible -- El hombre corporal y visible no es sino un indicio por medio del cual se debe estudiar al hombre invisible e interior ...
650 ## - PUNTO DE ACCESO ADICIONAL DE MATERIA--TÉRMINO DE MATERIA
Descriptor Literatura inglesa
9 (RLIN) 1015
650 ## - PUNTO DE ACCESO ADICIONAL DE MATERIA--TÉRMINO DE MATERIA
Descriptor Historia y crítica
9 (RLIN) 5993
700 ## - PUNTO DE ACCESO ADICIONAL--NOMBRE DE PERSONA
Nombre Personal Zuñiga, J. E. (traductor)
9 (RLIN) 37580
942 ## - ELEMENTOS DE PUNTO DE ACCESO ADICIONAL (KOHA)
Fuente de clasificación
Tipo de item Libros-BMC
945 ## - PROCESAMIENTO DE INFORMACIÓN LOCAL (OCLC)
Catalogador acv
AAAA-MM-DD - Fecha de ingreso o modificacion 2019-05-08
Holdings
Estado de retiro (separado) Fuente de clasificación o esquema de estanterías Estado dañado Ubicación Sala donde se ubica Nombre de la colección Fecha de adquisición o compra Costo, precio normal en soles Signatura topográfica Código de Barras Última vez visto (Koha) Tipo de ítem (Koha)
No     Sala Humanidades Sala Humanidades Book Cart 2019-05-08 20.00 820.9 / T13 SH0000012592 2019-05-08 Libros-BMC

Powered by Koha